Statistics for Striking mountains from across the world

Click here to take the quiz!

General Stats

  • This quiz has been taken 25 times
    (13 since last reset)
  • The average score is 11 of 23

Answer Stats

Answer% Correct
Aconcagua
90%
Matterhorn
90%
Mt. Fuji
90%
Denali
80%
K2
80%
Uluru
80%
Mt. Stanley
60%
Thor Peak
60%
Mt. Cameroon
50%
Mt. Roraima
50%
Khan Tengri
40%
Nevado del Ruiz
40%
Mt. Asgard
30%
Nyiragongo
30%
Beerenberg
20%
Cão Grande Peak
20%
Marmolada
20%
Mt. Nyangani
20%
Mt. Paget
20%
Pap of Glencoe
20%
Pico Basilé
20%
Tetnuldi
20%
Ushba
20%

Score Distribution

Percentile by Number Answered

Percent of People with Each Score

Your Score History

You have not taken this quiz since the last reset